Science Quiz

Random Science or Clickable Quiz

Divisible by 3? Quiz Stats

 Plays Quiz Updated Dec 5, 2018

Support Sporcle.
Go Orange.
Score 0/20 Timer 01:00
3 Plays Today
% Correct
3
95%
6
94.9%
12
93.7%
30
93.3%
15
91.6%
24
91.1%
27
90.5%
66
89.8%
63
85.5%
45
84.6%
% Correct
72
84.5%
42
83.4%
81
81.8%
54
81.2%
144
74%
102
73.2%
51
69.1%
57
65.6%
78
65.1%
147
59.8%

You're not logged in!

Compare scores with friends on all Sporcle quizzes.
OR
Log In
Forgot?

From the Vault

One Hint Disney

by mariapiscitelli5

Movies 5m
Be as swift as the coursing river.
Remove Ads.
Support Sporcle.
Get the best of Sporcle when you Go Orange. This ad-free experience offers more features, more stats, and more fun while also helping to support Sporcle. Thank you for becoming a member.

Show Comments

Extras

Top Quizzes Today


Score Distribution

Your Account Isn't Verified!

In order to create a playlist on Sporcle, you need to verify the email address you used during registration. Go to your Sporcle Settings to finish the process.

Report this User

Report this user for behavior that violates our Community Guidelines.

Details: